| 000 | 00499nam a2200169 i 4500 | ||
|---|---|---|---|
| 001 | 90279 | ||
| 003 | ES-MaACL | ||
| 005 | 20230906180412.0 | ||
| 007 | t| | ||
| 008 | 050119s1969 sp ||||1| spa d | ||
| 100 | 1 |
_aLeger, Paul Emile. _971277 |
|
| 245 | 1 | 3 |
_aUn cristiano en el mundo de hoy / _cEmile Leger ; [traducción de Antonio Paredes]. |
| 260 |
_a[Bilbao? : _bPaulinas, _c1969] |
||
| 300 |
_a185 p. ; _c20 cm. |
||
| 700 | 1 |
_aParedes, Antonio. _989029 |
|
| 852 |
_aES-MaACL _jC-50425 _bR.69360 |
||
| 999 |
_c90279 _d90279 |
||